[Event "GMA"]
[Site "Wijk aan Zee NED"]
[Date "2004.01.15"]
[Round "5"]
[White "Bologan,V"]
[Black "Timman,J"]
[Result "0-1"]
[WhiteElo "2679"]
[BlackElo "2578"]
[EventDate "2004.01.10"]
[Annotator "Henderson - Timman"]

1 e4 
{I expected this move, although Bologan played in the first round against Zhong something else, 1.e4 is his normal move.}
1 ..e6 
{I had noticed that Bologan does not score as well against the French as against other replies to 1.e4. }
2 d3 
{A surprise, there are many ways for black to play against this system, I choose a classical setup. }
2 ..d5 3 Nd2 Nf6 4 Ngf3 b6 5 c3 Be7 6 Be2 Bb7 7 Qa4+ 
{An interesting move; white wants to develop his queen to c2, but first tries to displace one of black's pieces (Bc6 or Qd7) }
7 ..Nfd7 8 O-O O-O 9 Re1 c5 10 Nf1 c4 
{A bit too optimistic. A normal move like Nc6 was better; however I underestimated white's strong response. }
11 Be3 $1 
({Ready to give up his bishop to get his attack going} 11 d4 $2 dxe4 12 N3d2 e5 {and black is better}) 
11 ..cxd3 12 Bxd3 Qc7 13 e5 
({Bologan had an interesting alternative here:} 13 Rad1 Nc5 14 Bxc5 bxc5 15 exd5 Bxd5 16 Be4 Bxe4 17 Qxe4 {with a slight plus for white} )
13 ..Nc5 
({I dismissed} 13 ..Nxe5 14 Nxe5 Qxe5 15 Bf4 {as I did not see any good squares for my queen.} )
14 Bxc5 bxc5 15 Qg4 Nd7 16 Ng3 d4 
{This was the critical position }
17 Ng5 $2 
({White has two alternatives instead of the mistake Ng5:} 17 cxd4 cxd4 (17 ..Bxf3 18 gxf3 {with a healthy extra pawn for white}) 18 Rac1 Qa5 19 Ng5 Bxg5 (19 ..Qd2 20 Nxe6) 20 Qxg5 f5 21 Nh5 Rf7 {with a small advantage for white })
(17 Be4 {and white has a very small edge - though nothing much for me to worry about.} )
17 ..Bxg5 18 Qxg5 h6 $1 
{Now black has solved all his opening problems }
19 Qh5 $2 
({Bologan said after the game that he had missed the whole c4 idea. Instead:} 19 Qf4 c4 $2 {doesn't work because of} (19 ..f6 20 cxd4 cxd4 21 Rac1) 20 Be4 Bxe4 21 Rxe4 {and the pawn on c4 hangs} 
)
19 ..c4 20 Bf1 d3 21 Rad1 Rad8 22 Re3 Bd5 
{Black has to be careful, white would still like to get Nh5 in. Bd5 protects e6 and makes f7-f6 possible. }
23 b3 cxb3 24 axb3 Bxb3 25 Rdxd3 Bc2 26 Rd4 Bg6 27 Qh4 $6 
{A bit dubious to say the least. I was more expecting: 27 Qd1= }
27 ..Nb6 28 c4 a5 
{There should be something better for black than a5 (which is just equal), but I could not find it during the game. }
29 Ra3 a4 30 c5 $2 
({A mistake in severe time trouble for Bologan. After the game, he agreed it would have been much better to exchange first:} 30 Rxd8 Rxd8 31 c5 Nd7 32 Rxa4 {and I have a small advantage.} )
30 ..Qxc5 
{After either 31 Rxd8 or 31 Qxd8 31...Qxa3 with a very strong a-pawn is winning for me.}
31 Raxa4 Rxd4 32 Rxd4 Qxe5 
{Now black is a healthy pawn up, but because they are all on one side it should still be a draw. Of course, I have practical chances because Bologan was down to 48 seconds here. }
33 Rd8 Qc7 34 Rxf8+ Kxf8 35 Qb4+ Kg8 36 h4 
{Despite his time trouble, Bologan plays this phase of the game very accurately. }
36 ..Nd5 37 Qa3 Qe5 38 Be2 Nc3 
{An alternative for black is: 38 ..Nf4 but then 39 Qe3 equalizes}
39 Qa8+ $1 
{This check and bringing over the queen to f3 is a strong manouvre }
39 ..Kh7 40 Qf3 f5 
{I was not happy with this f5 move, but I did not find any other ways to make progress. }
41 Bc4 $1 
{Now exchanging to a drawish bishop ending is inevitable. }
41 ..f4 42 Ne2 Nxe2+ 43 Qxe2 Qxe2 44 Bxe2 Be4 45 g3 $2 
(45 Bh5 {Blocking the king is the easiest way to a draw:} 45 ..Kg8 46 g3 e5 47 gxf4 exf4 48 Kh2 Kf8 49 Kh3 {and black is not in time to save the f-pawn} )
45 ..Kg6 46 Bg4 e5 47 gxf4 $2 
{47 Kf1 There is no need to exchange on f4; moving the king to the centre so that black does not have the chance to enter via d2 is another way to draw}
47 ..exf4 48 Kh2 Kf6 49 Bc8 Ke5 50 Bg4 Kd4 51 Bc8 
({There was a last chance for white here, but this might already be winning for black} 51 Kg1 Kd3 52 Kf1 Kd2 {with the idea of Bd3} )
51 ..Bf3 {Now it is game over }
52 Bd7 Kd3 53 Bb5+ Kd2 54 Kg1 Ke1 55 Be8 g5 56 hxg5 hxg5 57 Bf7 Be4 58 Be6 f3 59 Bd7 Bg6 
{Now he is in zugzwang - the idea is to play Bh5 and g4-g3. }
0-1

[Event "GMA"]
[Site "Wijk aan Zee NED"]
[Date "2004.01.17"]
[Round "6"]
[White "Adams,Mi"]
[Black "Bareev,E"]
[Result "1-0"]
[WhiteElo "2720"]
[BlackElo "2714"]
[EventDate "2004.01.10"]
[Annotator "Henderson"]

1 e4 e6 2 d4 d5 3 Nd2 c5 4 Ngf3 cxd4 5 exd5 Qxd5 6 Bc4 Qd6 7 O-O Nf6 8 Nb3 Nc6 9 Nbxd4 Nxd4 10 Nxd4 a6 11 Bb3 Qc7 12 Qf3 
({A wise choice. The big theory line of} 12 Re1 Bd6 13 Nf5 Bxh2+ 14 Kh1 O-O 15 Nxg7 Rd8 16 Qf3 Kxg7 17 Bh6+ Kg6 {still holds up well for black in praxis.})
12 ..Bd6 13 Kh1 Bd7 
({Another option here is:} 13 ..O-O 14 Bg5 Nd7 15 c3 Ne5 16 Qh5 Ng6 17 Bc2 h6 $1 $10 {Ivanchuk-Anand, Reggio Emilia 1991}) 
14 Bg5 Be5 15 Rad1 $146 
(15 c3 h6 16 Be3 O-O 17 Rfe1 Rad8 18 Rad1 Bc8 19 Bc2 b5 20 Qh3 b4 21 Nf3 Rxd1 22 Rxd1 bxc3 23 Nxe5 cxb2 24 Bb1 Qxe5 25 Qf3 Qb8 26 Qe2 Bb7 27 Bd4 Qf4 28 f3 Rc8 29 Bxb2 Qa4 30 Qd2 Nd5 31 Qd3 f5 32 Rf1 Qb4 33 Qe2 Qd6 34 Be5 Qc6 35 Bb2 Kh7 36 Qe5 Rc7 37 h4 Qd7 38 Re1 Rc6 39 a3 Nf6 40 Qg3 Qf7 41 Qh3 Nh5 42 Rxe6 Rxe6 43 Bxf5+ Rg6 44 Bxg6+ Qxg6 45 Qd7 Bc6 46 Qd4 Ng3+ 47 Kh2 Nf5 48 Qc3 
{0-1 Blehm,P-Kasimdzhanov,R/Zagan 1997/CBM 59 ext})
15 ..h6 16 Bh4 O-O 17 Rfe1 Rfd8 18 c3 Rac8 
{Ultimately the losing move. In the aforementioned Blehm-Kasimdzhanov game, black opted for Rad8 thus avoiding any potential combination on e6.} 
19 h3 Bxd4 20 Rxd4 Bc6 21 Qe3 Rxd4 22 Qxd4 Qd8 $2 
({Black should be able to hold on after:} 22 ..Nd5 $1 23 Bg3 Qb6 24 Rd1 Qxd4 25 Rxd4 b5 26 Be5 a5  {While white is better, it is going to be very difficult to win this.} )
23 Bxf6 Qxf6 
({A sure sign that Bareev didn't see what was coming up. If he had, he would even at this late stage have opted to have kept the queens on:} 23 ..gxf6 24 Qe3 Kh7 {Black has the worse position due to the fractured pawn structure on the kingside, however it will be difficult for Admas to make realistic winning chances from here.} )
24 Qxf6 gxf6 25 Rxe6 $1 
({And for Bareev's second successive French: Splat! It may look as if he has resigned too readily, but realistically trying to salvage anything from this is just going to be torture: } 25 Rxe6 Kg7 26 Re7 Rf8 27 Rc7 $18)
1-0

[Event "GMA"]
[Site "Wijk aan Zee NED"]
[Date "2004.01.17"]
[Round "6"]
[White "Kramnik,V"]
[Black "Zhang Zhong"]
[Result "1-0"]
[WhiteElo "2777"]
[BlackElo "2639"]
[EventDate "2004.01.10"]
[Annotator "Henderson"]

1 Nf3 Nf6 2 c4 e6 3 Nc3 Bb4 4 Qc2 O-O 5 a3 Bxc3 6 Qxc3 b6 7 e3 Bb7 8 Be2 d6 9 O-O Nbd7 10 b4 c5 11 Bb2 Re8 12 d4 Ne4 13 Qb3 Rb8 14 Rad1 Qc7 15 Nd2 Nef6 16 Rc1 a5 17 Rfd1 e5 18 Bf1 axb4 19 axb4 h6 20 Ba1 
({Kramnik had great difficulty in finding a good move here and thought for a long time. He would like to get a setup with Nb1-Nc3 and eventually Nd5 after f2-f3, d4xe5 and e3-e4. The problem is that all preparatory moves for this plan fail for some reason:} 20 f3 exd4 21 exd4 cxb4 22 Qxb4 d5 23 cxd5 Qf4)(20 h3 Ba8 21 Nb1 Ne4 22 f3 Ng3)( 20 Nb1 exd4 21 exd4 cxb4 22 Qxb4 Ne4) 
20 ..Rec8 
{A very good waiting move, using the fact that after Ba1 the rook at c1 is unprotected.} 
21 Bb2 
(21 Nb1 exd4 22 exd4 cxb4 23 Qxb4 d5 {and because the rook at c1 is pinned black is able to free his position.} )
21 ..Re8 22 dxc5 
({An alternative is: } 22 b5 exd4 23 exd4 d5 24 dxc5 Nxc5 25 Qg3 {and white is slightly better because of the weak b6 pawn.} )
22 ..dxc5 23 Nb1 cxb4 24 Qxb4 Nc5 25 Nc3 Rbd8 26 Rb1 Bc6 27 Ba1 Rxd1 28 Rxd1 Rd8 $2 
({Much better was:} 28 ..Ra8 $14 {and although white has a slight plus, Kramnik was the first to admit afterwards that Anand would make this position easily a draw.} )
29 Nb5 Bxb5 30 Bxe5 $1 Qxe5 31 Rxd8+ Be8 32 Qxb6 $16
32 ..Qe7 33 Rc8 Nfd7 34 Qc7 Kf8 35 g3 Ne6 36 Qc6 g6 37 Bh3 f5 38 Bg2 Kg7 39 Bd5 Nec5 40 Qa8 $2 
({In time trouble, Kramnik missed black's 42nd move.} 40 Rc7 $1 Bf7 41 Qxc5 Qxc5 42 Rxd7 $18 {and although it might take another 25 moves, white is winning.} )
40 ..Bf7 41 Qa1+ Qf6 42 Qa7 Qa6 $1 
{Kramnik had not realized that this was possible.} 
43 Qxa6 Nxa6 44 f3 
({Afterwards, Kramnik said that it would have been much harder for black to defend with bishop and knight than with two knights as in the game:} 44 Bc6 Nac5 45 Bxd7 Nxd7 46 Rc7 Be6 $18 )
44 ..Nac5 45 Kf2 Kf6 46 Rc6+ Be6 47 Ke2 Ke5 48 f4+ Kf6 49 Kd2 Ke7 50 Bf3 Nb3+ 51 Kc3 Na5 52 Ra6 Nxc4 53 Rxe6+ Kxe6 54 Kxc4 g5 55 Bd5+ Kf6 56 Bc6 Nf8 57 Kd5 Ng6 58 Kd6 Ne7 59 Bb7 Ng6 60 Bf3 Nf8 61 Bd5 Ng6 62 Bc6 Nf8 63 Bd7 Ng6 64 h3 h5 65 fxg5+ Kxg5 66 h4+ Kg4 67 e4 $1 Kxg3 68 exf5 Nh8 
({There's no way to salvage the game:} 68 ..Nf8 69 f6 Kxh4 70 f7 Kg5 71 Ke7 Ng6+ 72 Ke8 h4 73 Bh3 $1 Kf6 74 Bf1 Kg7 75 Bd3 Nf8 76 Bf5 $23)
69 Ke7 Kxh4 70 Kf6 Kg4 71 Kg7 Kg5 72 f6 h4 73 Bc8 Kh5 74 Bf5 Kg5 75 Be6 Ng6 76 f7 Nf4 77 Bc8 Nh5+ 78 Kh7 
1-0

[Event "GMA"]
[Site "Wijk aan Zee NED"]
[Date "2004.01.18"]
[Round "7"]
[White "Zhang Zhong"]
[Black "Anand,V"]
[Result "0-1"]
[WhiteElo "2639"]
[BlackElo "2766"]
[EventDate "2004.01.10"]
[Annotator "Henderson"]

1 e4 c5 2 Nf3 e6 3 d3 
({A possible option indicated by Anand is:} 3 Nc3 a6 4 d3 b5 {As it is, Anand hopes save a tempi by playing the same system though without a6.} )
3 ..b5 4 g3 Bb7 5 Bg2 d6 
{Anand was looking for an unbalanced position because Zhong has the reputation of being a very tenacious player. }
6 O-O Nf6 7 Ng5 
{Morozevich has a patent on this move; the idea is to make the f2-f4 advance possible.} 
7 ..h6 8 Nh3 Nc6 9 f4 Be7 10 Be3 $6 
(10 Nd2 h5 11 Nf3 {followed by Nf2 and white has a small edge.} )
10 ..h5 11 Nf2 d5 12 e5 Nd7 $2 
({After the game, Anand thought he should have continued with: } 12 ..d4 13 exf6 ( 13 Bd2 Nd5 $10) 13 ..dxe3 14 fxe7 exf2+ 15 Rxf2 Qd7 ( 15 ..Qxe7 $6 16 f5 $1) ) 
13 c4 bxc4 14 dxc4 Nb6 15 Na3 Rb8 $2 
(15 ..Nb4 {and black is fine}) 
16 Nd3 d4 $2 
{Now black is strategically in a very difficult position because he is without any counterplay. }
17 Bd2 g6 18 b3 Kf8 $1 
(18 ..O-O $2 {This would be very bad, because the black king will be exposed after g4 and f5, while now with the black rook at h8, it is not advisable to open the kingside.} )
19 Nc2 Nd7 20 Qe2 
({Another idea for white is to keep his light squared bishop.} 20 Nce1 Na5 21 Nf3)
20 ..Qc7 21 h3 Nd8 22 Nce1 $6 
({The real turning point in the game, according to Anand. Instead, white could have kept control of the position after} 22 Rab1 $1 {and black has no counterplay in this position, as he cannot open any files. That means that for white, the ideal plan is to first close the queenside, then put his king there (e.g. b2) and then he can open the kingside with g4 and f5. An illustrative variation from Anand, was:} 22 ..Bxg2 23 Qxg2 Nc6 24 a3 a5 25 a4 {followed by Na3-Nb5, king to b2 and only then action on the kingside.} )
22 ..Bxg2 23 Nxg2 Ke8 
{Black wants to move his king to the queenside.} 
24 g4 $2 
{Not a very good idea to open these files (which black could not open himself!) with the king still on g1. In fact in this position the white king is worst placed than black's because of the distance to the safe queenside!} 
24 ..hxg4 25 hxg4 Qc6 26 Rf3 Qa6 $1 
{Anand was very pleased with this move because now he can win some tempi while reorganizing his pieces and his king. }
27 Qd1 
({The point of Anand's little queen shuffle to a6: white has to waste time and move his queen away from the kingside to protect a2, as} 27 Be1 $2 Rxb3 $1)(27 Nc1 Nc6 {and again the king runs to c7 while white has the rook and knight tied up defending the queenside.} )
27 ..Nc6 28 Qc2 Kd8 29 Re1 Kc7 
{Now black is totally fine, he has finally counterplay along the h-file. }
30 f5 $2 
{By this stage in the press room we were wondering when Zhong would eventually crack - it's here $1 Running out of constructive ideas and also time on his clock, this is more or less a major blunder. Now white's king can never escape from the g-file because of Rh1+. In this game white ruined a beautiful position by opening files that black could never have opened. }
30 ..gxf5 31 gxf5 Rbg8 32 fxe6 fxe6 33 Rf7 Kc8 $1 
{With the subtle threat of Rh5 and ganging up on the e-pawn. Zhong decides to go out with a flurry by sacrificing the exchange. }
34 Bf4 Bf8 35 Qf2 Nd8 36 Rxd7 Kxd7 37 b4 Ke8 $1 38 bxc5 Rh3 39 Qc2 Qc6 40 Re2 
(40 Re2 Qf3 41 Rd2 Nc6 {and white's position is basically hanging together by a thread - the position is hopeless.})
0-1

[Event "GMA"]
[Site "Wijk aan Zee NED"]
[Date "2004.01.19"]
[Round "8"]
[White "Leko,P"]
[Black "Bologan,V"]
[Result "1-0"]
[WhiteElo "2722"]
[BlackElo "2679"]
[EventDate "2004.01.10"]
[Annotator "Henderson"]

1 e4 c6 
{Creating a storm of his own making was Viorel Bologan, who only one move out of his opening preparation (!) gets washed overboard as Peter Leko moves into third place. 
The Caro Kann used to be a very solid opening choice, but lately this has given a number of very spectacular games }
2 d4 d5 3 Nc3 dxe4 4 Nxe4 Nd7 5 Ng5 
({In Dortmund last year against Bologan, Leko played 5 Bc4 and got a big advantage, but in the end he lost the game:} 5 Bc4 Ngf6 6 Ng5 e6 7 Qe2 Nb6 8 Bd3 h6 9 N5f3 c5 10 Be3 Qc7 11 Ne5 a6 12 Ngf3 cxd4 13 Bxd4 Nbd5 14 O-O Bc5 15 Bb5+ Kf8 16 Bxc5+ Qxc5 17 Bc4 Ke7 18 Bxd5 Nxd5 19 c4 Nf6 20 Rfd1 Bd7 21 b4 Qc7 22 Nd4 Rhd8 23 Rd3 Kf8 24 Rad1 Be8 25 h3 Nd7 26 Ng4 Qxc4 27 Qd2 Rac8 28 Nb3 Qc7 29 Rc1 Qb8 30 Rxc8 Qxc8 31 b5 Qc4 32 bxa6 bxa6 33 Rd6 Qb5 34 Nd4 Qb1+ 35 Kh2 Rc8 36 Nb3 Nc5 37 Nxc5 Rxc5 38 Rxa6 Qb8+ 39 Kg1 Rb5 40 Ne3 Rb1+ 41 Nd1 Qe5 42 Ra3 Qg5 43 Re3 Ba4 44 Kh2 Qf4+ 45 g3 Rxd1 46 Qd8+ Rxd8 
{0-1 Leko,P-Bologan,V/It, Dortmund GER 2003.} )
5 ..Ngf6 6 Bd3 e6 7 N1f3 Bd6 8 Qe2 h6 9 Ne4 Nxe4 10 Qxe4 Qc7 
{Peter Leko: "This way of playing was very popular due to the efforts of Karpov when he was still participating in the super-GM tournements. Karpov is no longer playing these tournements and this line is not played a lot anymore, but with the line itself there is not much wrong." }
11 O-O 
({Some years ago it was normal to play: } 11 Qg4 Kf8 12 O-O {but now black can play immediately} 12 ..c5 {without playing b6, so that is why white players now delay Qg4 one move} )
11 ..b6 12 Qg4 Kf8 
({Bologan deviates from an earlier game with the same line:} 12 ..g5 13 Qh3 Rg8 14 Re1 {was the novelty of the year in Anand-Bologan, Dortmund 2003} 14 ..Bf8 15 Qf5 Bg7 16 h4 Kf8 17 Qh3 Rh8 18 hxg5 hxg5 19 Qg4 c5 20 Bxg5 cxd4 21 Rad1 Bb7 22 Rxe6 fxe6 23 Be7+ Kxe7 24 Qxg7+ Kd6 25 Nxd4 Qc5 26 Bf5 Qe5 27 Nf3+ Qd5 28 Qg3+ Ke7 29 Rxd5 Bxd5 30 Qg5+ Kd6 31 Qf4+ Ke7 32 Be4 Rh5 33 Nh4 Rg8 34 Ng6+ Kd8 35 Qf7 Re8 36 Bd3 {1-0, Anand-Bologan, Dortmund 2003} )
13 b3 
{This is supposed to be the most critical line }
13 ..Bb7 14 Bb2 Nf6 15 Qh4 
({Normally white would be much better because of black's king position, but here white's queen is also misplaced (imagine it would be on e2!) and black is ready to free himself with c5. And if} 15 Qh3 Nd5 $1)
15 ..c5 16 dxc5 Qxc5 
{This is the sort of move black can only play after serious analysis, but Bologan was still in his preparation here. }
17 Bxf6 
(17 Bd4 {white can play this intermediate move, but black has several interesting options:} 17 ..Qa5 ( 17 ..Qc6 18 Bxf6 ({A very messy line that Leko calculated during the game is:} 18 Rfe1 g5 19 Qh3 g4 20 Qh4) 18 ..gxf6 19 Qxf6 Rg8) ) 
17 ..gxf6 
({First Leko thought that black could play} 17 ..Bxf3 18 Bd4 Qh5 19 Qxh5 Bxh5 20 a4 {but then saw that this endgame clearly favours white} )
18 Qxf6 
({Leko felt a bit uncomfortable here because he had already an hour on the clock, while Bologan was still playing very fast. Less good was:} 18 Be4 Bxe4 19 Qxe4 f5 {and black is slightly better} )
18 ..Qh5 
(18 ..Rg8 19 Rfe1 Bxh2+ (19 ..Qh5 20 Be4 {as in the game would be very good for white}) 20 Kf1 $1 {and white is better}(20 Kxh2 $2 Qh5+ 21 Qh4 Rxg2+ 22 Kxg2 Qxh4 $19) )
19 Rfe1 
({This was Leko's emergency button, trying to steer things into a quiet, drawish endgame!} 19 Qxh8+ Ke7 20 Qg7 Bxf3 21 h3 Be5 22 Bg6 {at first Leko thought this was winning for white but then saw that after} 22 ..Bxg7 23 Bxh5 Bxh5 {he is technically lost} )
19 ..Rg8 $4 
({The first move Bologan makes on his own (so far he had used only 7 minutes) and immediately the losing move. He had seen the drawish endgame, but thought that with the game continuation could push for a win.} 
19 ..Bxf3 20 Qxf3 
(20 g3 Rg8 21 Rxe6 Bc5 {with the idea Rxg3 and black wins}) 
(20 Qxh8+ Ke7 21 Rxe6+ Kxe6 (21 ..fxe6 22 Qg7+ Kd8 23 Qf6+ {and the bishop on f3 goes}) 22 Re1+ Be5 $19)
20 ..Bxh2+ 21 Kf1 Qxf3 22 gxf3 Bd6 23 Re4 {and although it seems black is somewhat better, it will probably be a quick draw})
20 Be4 Rxg2+ 
(20 ..Qg4 {Bologan thought that Be4 would fail to this move when he decided not to play Bxf3 but Rg8, but after 21 Ne5 and that he discovered too late, so he went for the rook sacrifice, although he knew it was bad.})( 20 ..Be7 21 Qe5 {is also very good for white} )
21 Kxg2 Qg4+ 22 Kh1 
(22 Kf1 $2 Qh3+ 23 Ke2 Bxe4 {and black has compensation})
22 ..Bxe4 23 Rxe4 
(23 Re3 $2 Be5 $1 {and black keeps a draw} 24 Qxe5 Bxf3+ 25 Rxf3 Qxf3 {+=}) 
23 ..Qxe4 24 Re1 Qh7 
(24 ..Qd5 25 c4 Qc6 26 Rxe6 $1)(24 ..Qg4 25 Rg1 Qe4 26 Rg7 $1)(24 ..Qg6 25 Qxg6 fxg6 26 Rxe6 Bc5 27 Ne5 (27 Rxg6 $2 Re8 28 Rxh6 Re2 {gives black excellent drawing chances.}) 27 ..Rd8 28 Nd3 $18) 
25 Nd4 Ke8 26 Nxe6 Kd7 27 Qf3 Rb8 28 Nd4 Rc8 29 Qh3+ f5 30 Nxf5 
1-0